Library Banner

Hamdard Islamicus (July-September 2012 , V-35 , No.3)/ (Record no. 95614)

MARC details
000 -LEADER
fixed length control field 00408nam a22001457a 4500
005 - DATE AND TIME OF LATEST TRANSACTION
control field 20170724124837.0
008 - FIXED-LENGTH DATA ELEMENTS--GENERAL INFORMATION
fixed length control field 170724b xxu||||| |||| 00| 0 eng d
022 ## - INTERNATIONAL STANDARD SERIAL NUMBER
International Standard Serial Number 02507196
040 ## - CATALOGING SOURCE
Transcribing agency PK-LaUMT
082 ## - DEWEY DECIMAL CLASSIFICATION NUMBER
Classification number ZIAC 297.05
Item number HAM-
245 ## - TITLE STATEMENT
Title Hamdard Islamicus (July-September 2012 , V-35 , No.3)/
Statement of responsibility, etc Sadia Rashid(Editor)
260 ## - PUBLICATION, DISTRIBUTION, ETC. (IMPRINT)
Place of publication, distribution, etc Karachi:
Name of publisher, distributor, etc Hamdard foundation,
Date of publication, distribution, etc 2012
300 ## - PHYSICAL DESCRIPTION
Extent 112 p.
942 ## - ADDED ENTRY ELEMENTS (KOHA)
Koha item type Books
Holdings
Withdrawn status Lost status Damaged status Home library Current library Date acquired Full call number Barcode Date last seen Price effective from Koha item type
      UMT Main Campus UMT Main Campus 2017-07-24 ZIAC 297.05 HAM- 111213 2017-07-24 2017-07-24 Books